00738 2200229 4500001002100000005001700021008004100038035002500079040001200104082001700116084002200133100001900155245012300174260005000297300002900347500003100376504002800407650002200435700002100457850001200478990001800490INLIS00000000001020020150814061323.0  a0010-081500000001638 aYOPDYOG 223a155.9042 aSK 155.9042 Ism E aISMI Wulandari aEfektivitas pelatihan relaksasi progresif untuk mengurangi stres pada ibu rumah tangga tidak bekerjac/ Ismi Wulandari aYogyakartabUniversitas Wangsa Manggalac2005 aI, 20 lembar. ; 29,5 cm. aSkripsi Fakultas Psikologi aBibliografi: hlm. 19-20 aStres (Psikologi) aSITI Noor Fatmah aYOPDYOG a48218-PD/A.15